|
|
|
|
| LEADER |
00000nab a2200000 ar4500 |
| 001 |
vtls008901682 |
| 003 |
SK-MaSNL |
| 005 |
20260319071403.0 |
| 008 |
061121c20061118xo |||||||| 000 b|hun |
| 015 |
|
|
|a SNBRB2006/11
|2 snkbucl
|
| 038 |
|
|
|a SNKBUCL
|
| 040 |
|
|
|a DSZK
|b slo
|c DSZK
|e AACR2
|
| 041 |
0 |
|
|a hun
|
| 044 |
|
|
|a xo
|c SK
|
| 080 |
|
|
|a 342.534
|2 1997
|
| 100 |
1 |
|
|a Molnár, Norbert
|4 ivr
|4 aut
|9 676376
|
| 245 |
1 |
0 |
|a "Sosem hittem, hogy Fico tiszta játékot játszik"
|b Mikuláš Dzurinda volt kormányfő: Szlovákiában is eljön az idő, amikor nem szlovák nemzetiségűek nem kimondottan etnikai alapon választanak majd
|c Molnár Norbert
|
| 300 |
|
|
|b Fotogr.
|
| 600 |
1 |
7 |
|a Dzurinda, Mikuláš,
|d 1955-
|2 snkbucl
|9 192399
|
| 655 |
|
7 |
|a rozhovory
|2 snkbucl
|9 31831
|
| 700 |
1 |
|
|a Dzurinda, Mikuláš,
|d 1955-
|4 ive
|4 aut
|9 192399
|
| 773 |
0 |
|
|t Új szó
|g Évf. 59, sz. 265 (18.11.2006), o. 9
|
| 852 |
|
|
|a SNK
|b KIS3GCP
|
| 852 |
|
|
|a DSZK
|b KIS3GCP
|
| 958 |
|
|
|a HU
|
| 958 |
|
|
|a SK
|
| 999 |
|
|
|c 1759922
|d 1761852
|